Normal view
MARC view
- MATERIALS SCIENCE, THERMODYNAMICS
Entry Topical Term
001 - CONTROL NUMBER
- control field: 64014
003 - CONTROL NUMBER IDENTIFIER
- control field: NUST
005 - DATE AND TIME OF LATEST TRANSACTION
- control field: 20210628203218.0
008 - FIXED-LENGTH DATA ELEMENTS
- fixed length control field: 210628|| aca||aabn | a|a d
040 ## - CATALOGING SOURCE
- Original cataloging agency: NUST
- Transcribing agency: NUST
150 ## - HEADING--TOPICAL TERM
- Topical term or geographic name entry element: MATERIALS SCIENCE, THERMODYNAMICS
670 ## - SOURCE DATA FOUND
- Source citation: Work cat.: (NUST): Dehoff, Robert T 42743, Thermodynamics in materials science, 1993
